000 00207nam a2200109Ia 4500
100 _a#N/A
942 _cBK
654 _aMINDWARE
245 _aMindware ; Smart PC Tools
260 _b#N/A
546 _aENGLISH
999 _c33999
_d33999